00625nam a2200217Ia 4500003000400000005001700004008004100021020001800062040001800080041000800098082002100106100002500127245004900152250000800201260003900209300002500248650002200273651004100295651003600336651003500372OSt20230927141311.0210716s2002 xx 000 0 und d a9781590332184 cAIMIT LIBRARY aeng a374.22 21bBLAD aBlance, D Ellsworth. aBankruptcy : bprimer /cBy Ellsworth Blanc. a1st aNew York :bNovinka books ,c2002. a121p. ;bPBc20.7 cm aGeneral Knowledge aStructure of the U S bankruptcy code aLiquidation and recorganization aIndividual with regular income